Castle's crumbling(Taylor's Version)(From the vault) - Statistics

General Stats
  • This quiz has been taken 9 times
  • The average score is 277 of 313
Answer Stats
% Correct
a
100%
age
100%
an
100%
empire
100%
golden
100%
had
100%
held
100%
I
100%
in
100%
on
100%
Once,
100%
the
100%
all
88%
And
88%
and
88%
apart
88%
be
88%
bridges
88%
burn
88%
castle's
88%
cheer
88%
couldn't
88%
crumbling
88%
don't
88%
down
88%
dynasty
88%
face
88%
feel
88%
for
88%
great
88%
ground
88%
grudge
88%
hang
88%
hate
88%
head
88%
help,
88%
high,
88%
hope
88%
it
88%
just
88%
know
88%
let
88%
like
88%
loved
88%
me,
88%
me
88%
my
88%
My
88%
name
88%
never
88%
Never
88%
Now,
88%
now
88%
Now
88%
now,
88%
of
88%
off
88%
Ones
88%
Power
88%
ran
88%
saw
88%
screamin'
88%
so
88%
stop
88%
that
88%
them
88%
They
88%
they
88%
'til
88%
to
88%
tore
88%
tried
88%
trusted
88%
up
88%
used
88%
Used
88%
wanna
88%
want
88%
wanted
88%
was
88%
watch
88%
went
88%
when
88%
will
88%
Will
88%
words
88%
would
88%
you
88%
You
88%
alone
75%
at
75%
behind
75%
billows
75%
but
75%
chant
75%
could've
75%
Crowds
75%
end
75%
ended
75%
faith
75%
fallen
75%
far
75%
fear
75%
foes
75%
friends
75%
from
75%
front
75%
gates
75%
grace
75%
harbor
75%
have
75%
how
75%
kept
75%
look
75%
monster
75%
palace's
75%
People
75%
promises
75%
pushed
75%
regret
75%
reign
75%
screaming
75%
ships
75%
sit
75%
Smoke
75%
strong,
75%
Their
75%
they're
75%
this
75%
too
75%
walls
75%
way
75%
Falling
63%
here
63%
I'm
63%
No matching quizzes found
Score Distribution
Percent of People with Each Score
Percentile by Number Answered
Your Score History
You have not taken this quiz